[Event "Arvier op 2nd"]
[Site "Arvier"]
[Date "2015.07.30"]
[Round "5"]
[White "Bogatto, Mario"]
[Black "Bonino, Silvano"]
[Result "1/2-1/2"]
[WhiteElo "1397"]
[BlackElo "1443"]
[PlyCount "115"]
[EventDate "2015.07.26"]
[EventType "swiss"]
[EventRounds "7"]
[EventCountry "ITA"]
[SourceTitle "EXT 2016"]
[Source "ChessBase"]
[SourceDate "2015.10.08"]
[SourceVersion "1"]
[SourceVersionDate "2015.10.08"]
[SourceQuality "1"]

1. e4 e6 2. Nf3 Be7 3. d4 d5 4. e5 c5 5. c3 cxd4 6. cxd4 Bb4+ 7. Nc3 Ne7 8. a3 Ba5 9. Be2 Bb6 10. 0-0 Nbc6 11. Bg5 h6 12. Bxe7 Qxe7 13. Rc1 a6 14. Na4 Ba7 15. Nc5 Bxc5 16. dxc5 Bd7 17. Qd2 a5 18. Qc3 0-0 19. Rfe1 f6 20. Bd1 Nxe5 21. Nxe5 fxe5 22. Rxe5 Qf6 23. Bf3 Bc6 24. Qd4 Bd7 25. Qe3 Qf4 26. Rh5 Qxe3 27. fxe3 Rf6 28. Rh4 Raf8 29. b4 axb4 30. axb4 Bb5 31. Rd4 Ra8 32. h3 Ra3 33. e4 Rf4 34. Re1 Bc6 35. Rb1 e5 36. Rd2 d4 37. b5 Bxe4 38. Bxe4 Rxe4 39. c6 bxc6 40. bxc6 Rc3 41. Rb8+ Kf7 42. Rb7+ Ke6 43. c7 Kd7 44. Rf2 Rf4 45. Rfb2 Rxc7 46. Rb8 Rf6 47. Rg8 Rf7 48. Rb5 Re7 49. Rf8 e4 50. Rd5+ Kc6 51. Rxd4 Kc5 52. Rfd8 e3 53. Kf1 Rf7+ 54. Ke2 Rfe7 55. R8d5+ Kc6 56. Rd6+ Kb7 57. Rb4+ Kc8 58. Rd3 1/2-1/2

[Event "Arvier op 2nd"]
[Site "Arvier"]
[Date "2015.07.29"]
[Round "4"]
[White "Bonino, Silvano"]
[Black "Piazza, Giacomo"]
[Result "0-1"]
[WhiteElo "1443"]
[BlackElo "1542"]
[PlyCount "70"]
[EventDate "2015.07.26"]
[EventType "swiss"]
[EventRounds "7"]
[EventCountry "ITA"]
[SourceTitle "EXT 2016"]
[Source "ChessBase"]
[SourceDate "2015.10.08"]
[SourceVersion "1"]
[SourceVersionDate "2015.10.08"]
[SourceQuality "1"]

1. d4 c6 2. c4 d6 3. Nc3 Qc7 4. e4 Nf6 5. Bg5 Bg4 6. f3 Bh5 7. Nge2 Nbd7 8. Ng3 Bg6 9. Bd3 e5 10. d5 Be7 11. 0-0 Qb6+ 12. Be3 Qxe3+ 13. Kh1 Qb6 14. Qc2 Nc5 15. Na4 Nxa4 16. Qxa4 0-0 17. Qc2 c5 18. f4 exf4 19. Rxf4 Nh5 20. Nxh5 Bxh5 21. g4 Bg6 22. Raf1 Bf6 23. b3 Qd8 24. Qg2 Be5 25. R4f3 Qg5 26. h3 Rae8 27. Qf2 Bd4 28. Qg2 a6 29. Qe2 b5 30. Qc2 bxc4 31. bxc4 Rb8 32. Qh2 Be5 33. Qf2 Rb2 34. Qe3 Rh2+ 35. Kg1 Bd4 0-1

[Event "Arvier op 2nd"]
[Site "Arvier"]
[Date "2015.07.26"]
[Round "1"]
[White "Renzi, Marco"]
[Black "Bonino, Silvano"]
[Result "1-0"]
[WhiteElo "1900"]
[BlackElo "1443"]
[PlyCount "45"]
[EventDate "2015.07.26"]
[EventType "swiss"]
[EventRounds "7"]
[EventCountry "ITA"]
[SourceTitle "EXT 2016"]
[Source "ChessBase"]
[SourceDate "2015.10.08"]
[SourceVersion "1"]
[SourceVersionDate "2015.10.08"]
[SourceQuality "1"]

1. e4 e6 2. d4 d5 3. Bd3 c5 4. c3 cxd4 5. cxd4 dxe4 6. Bxe4 Nf6 7. Bf3 Bb4+ 8. Nc3 0-0 9. Nge2 Nc6 10. 0-0 a6 11. Bg5 h6 12. Be3 Bd6 13. Ng3 Qc7 14. Rc1 Qd7 15. Qd2 Bxg3 16. fxg3 Kh7 17. Qd3+ g6 18. Bxc6 Qe7 19. Ba4 Rd8 20. Bf4 Nd5 21. Nxd5 Rxd5 22. Rc7 Bd7 23. Rxd7 1-0

[Event "Arvier Amatori op 5th"]
[Site "Arvier"]
[Date "2015.01.05"]
[Round "5"]
[White "Bonino, Silvano"]
[Black "Leo, Giovanni"]
[Result "1/2-1/2"]
[WhiteElo "1441"]
[BlackElo "1398"]
[PlyCount "52"]
[EventDate "2015.01.02"]
[EventType "swiss"]
[EventRounds "5"]
[EventCountry "ITA"]
[SourceTitle "EXT 2017"]
[Source "ChessBase"]
[SourceDate "2016.10.25"]
[SourceVersion "1"]
[SourceVersionDate "2016.10.25"]
[SourceQuality "1"]

1. d4 Nf6 2. c4 e6 3. a3 d5 4. e3 c5 5. Nf3 cxd4 6. Nxd4 Nc6 7. Nc3 a6 8. Nxc6 bxc6 9. cxd5 cxd5 10. Bd3 Bd6 11. 0-0 0-0 12. b4 Qc7 13. Bb2 Bxh2+ 14. Kh1 Be5 15. Rc1 Qd6 16. f4 Bxc3 17. Bxc3 Nd7 18. Rf3 f5 19. Bxg7 Kxg7 20. Rg3+ Kh8 21. Qh5 Nf6 22. Qg5 Qe7 23. Qh6 Rg8 24. Rc7 Qxc7 25. Qxf6+ Qg7 26. Rxg7 Rxg7 1/2-1/2

[Event "Ventimiglia Weekend 8th"]
[Site "Ventimiglia"]
[Date "2012.12.01"]
[Round "3"]
[White "Bonino, Silvano"]
[Black "Benvenuti, Cristian"]
[Result "1/2-1/2"]
[WhiteElo "1505"]
[BlackElo "1644"]
[PlyCount "114"]
[EventDate "2012.11.30"]
[EventType "swiss"]
[EventRounds "5"]
[EventCountry "ITA"]
[SourceTitle "EXT 2024"]
[Source "ChessBase"]
[SourceDate "2023.10.10"]
[SourceVersion "1"]
[SourceVersionDate "2023.10.10"]
[SourceQuality "1"]

1. d4 f5 2. Bf4 Nf6 3. e3 g6 4. Bc4 d6 5. h3 Nc6 6. Nf3 Bg7 7. Nbd2 d5 8. Bb5 a6 9. Bxc6+ bxc6 10. Ne5 Bb7 11. Nb3 Nd7 12. Nxd7 Qxd7 13. Nc5 Qc8 14. 0-0 0-0 15. b4 a5 16. a3 Re8 17. c3 Ba6 18. Nxa6 Rxa6 19. Qd3 Ra8 20. Rfc1 e5 21. Bh2 Qe6 22. dxe5 Bxe5 23. Bxe5 Qxe5 24. Qd4 Qxd4 25. cxd4 Re6 26. bxa5 Rxa5 27. Rc3 Kf7 28. Rac1 Ra6 29. Rb1 Rb6 30. Rcb3 Rxb3 31. Rxb3 Re7 32. Rb8 Re8 33. Rxe8 Kxe8 34. Kf1 Kd8 35. Ke2 Kc8 36. Kd2 Kb7 37. Kc3 Kb6 38. Kb4 h6 39. f4 h5 40. a4 h4 41. a5+ Ka6 42. Kc5 Kxa5 43. Kxc6 Kb4 44. Kxd5 Kc3 45. e4 c6+ 46. Ke5 Kd3 47. exf5 gxf5 48. Kxf5 Kxd4 49. Kg6 c5 50. f5 c4 51. f6 c3 52. f7 c2 53. f8Q c1Q 54. Qd8+ Ke5 55. Qxh4 Qc6+ 56. Kg5 Qf6+ 57. Kg4 Qf4+ 1/2-1/2

[Event "Ventimiglia Weekend 8th"]
[Site "Ventimiglia"]
[Date "2012.11.30"]
[Round "1"]
[White "Carrai, Giacomo"]
[Black "Bonino, Silvano"]
[Result "1-0"]
[WhiteElo "1832"]
[BlackElo "1505"]
[PlyCount "101"]
[EventDate "2012.11.30"]
[EventType "swiss"]
[EventRounds "5"]
[EventCountry "ITA"]
[SourceTitle "EXT 2024"]
[Source "ChessBase"]
[SourceDate "2023.10.10"]
[SourceVersion "1"]
[SourceVersionDate "2023.10.10"]
[SourceQuality "1"]

1. d4 d6 2. c4 Nf6 3. Nc3 g6 4. e4 Bg7 5. Nf3 0-0 6. Be2 Bg4 7. Be3 Nc6 8. d5 Bxf3 9. Bxf3 Ne5 10. Be2 c5 11. 0-0 a6 12. Rb1 Rb8 13. f3 Nfd7 14. f4 Nxc4 15. Bxc4 Bxc3 16. bxc3 b5 17. Be2 c4 18. Qd2 f6 19. Rb2 Qc7 20. Rd1 Nc5 21. Bxc5 Qxc5+ 22. Qd4 Rfc8 23. Qxc5 Rxc5 24. a4 Kg7 25. Rb4 a5 26. Rxb5 Rbxb5 27. axb5 Rxb5 28. Rd4 a4 29. Bxc4 Ra5 30. Ba2 h5 31. Rb4 g5 32. f5 Rc5 33. c4 Ra5 34. Kf1 g4 35. g3 Kh6 36. Rb7 Ra6 37. Ke2 h4 38. Ke3 hxg3 39. hxg3 Kg5 40. Kd4 Kh6 41. Kc3 Kg5 42. Rxe7 Rb6 43. Ra7 Rb8 44. Rxa4 Rh8 45. Ra3 Rh1 46. Kb4 Re1 47. Rb3 Rxe4 48. Bb1 Re1 49. c5 dxc5+ 50. Kxc5 Re5 51. Kc6 1-0

[Event "EU-ch Seniors 11th"]
[Site "Courmayeur"]
[Date "2011.04.14"]
[Round "9"]
[White "Bonino, Silvano"]
[Black "Carboni, Giancarlo"]
[Result "1-0"]
[WhiteElo "1465"]
[BlackElo "1827"]
[PlyCount "96"]
[EventDate "2011.04.06"]
[EventType "swiss"]
[EventRounds "9"]
[EventCountry "ITA"]
[SourceTitle "CBM 141 Extra"]
[Source "ChessBase"]
[SourceDate "2011.05.03"]
[SourceVersion "1"]
[SourceVersionDate "2011.05.03"]
[SourceQuality "1"]

1. d4 Nf6 2. Bf4 d6 3. Nf3 g6 4. h3 Bg7 5. e3 Nbd7 6. Be2 0-0 7. 0-0 c5 8. c3 b6 9. Nbd2 Bb7 10. a3 Rc8 11. Rc1 Rc7 12. b4 Nd5 13. Bh2 cxd4 14. cxd4 Nc3 15. Qe1 Nxe2+ 16. Qxe2 Qb8 17. Rxc7 Qxc7 18. Qc4 Qb8 19. Qc2 Rc8 20. Qb2 b5 21. Rc1 Nb6 22. Rxc8+ Qxc8 23. Ne1 Na4 24. Qc2 Qd7 25. Ne4 Nb6 26. Nd2 d5 27. Nd3 Nc4 28. Nxc4 dxc4 29. Nc5 Qd5 30. Nxb7 Qxb7 31. Kf1 h5 32. Qc3 f6 33. f3 e6 34. Bd6 Kf7 35. Ke2 Qc6 36. Bc5 a6 37. Qe1 e5 38. Qd2 exd4 39. Qxd4 Bf8 40. e4 Bxc5 41. Qxc5 Qxc5 42. bxc5 Ke6 43. f4 h4 44. Ke3 Kd7 45. e5 fxe5 46. fxe5 Ke6 47. c6 Kxe5 48. c7 Kd6 1-0

[Event "EU-ch Seniors 11th"]
[Site "Courmayeur"]
[Date "2011.04.13"]
[Round "8"]
[White "Papa, Angelo"]
[Black "Bonino, Silvano"]
[Result "1-0"]
[WhiteElo "1866"]
[BlackElo "1465"]
[PlyCount "35"]
[EventDate "2011.04.06"]
[EventType "swiss"]
[EventRounds "9"]
[EventCountry "ITA"]
[SourceTitle "CBM 141 Extra"]
[Source "ChessBase"]
[SourceDate "2011.05.03"]
[SourceVersion "1"]
[SourceVersionDate "2011.05.03"]
[SourceQuality "1"]

1. d4 Nf6 2. Nf3 e6 3. e3 d5 4. Bd3 Be7 5. 0-0 0-0 6. b3 b6 7. Bb2 Ba6 8. c4 c5 9. Nbd2 Bb7 10. Ne5 Nbd7 11. Qf3 Rb8 12. Qh3 g6 13. Ndf3 Ne8 14. dxc5 Nxc5 15. Bc2 Nd7 16. Bxg6 fxg6 17. Qxe6+ Kh8 18. Nf7+ 1-0

[Event "EU-ch Seniors 11th"]
[Site "Courmayeur"]
[Date "2011.04.10"]
[Round "5"]
[White "Bonino, Silvano"]
[Black "Acunzo, Domenico"]
[Result "1-0"]
[WhiteElo "1465"]
[BlackElo "1769"]
[PlyCount "107"]
[EventDate "2011.04.06"]
[EventType "swiss"]
[EventRounds "9"]
[EventCountry "ITA"]
[SourceTitle "CBM 141 Extra"]
[Source "ChessBase"]
[SourceDate "2011.05.03"]
[SourceVersion "1"]
[SourceVersionDate "2011.05.03"]
[SourceQuality "1"]

1. d4 e6 2. Bf4 f5 3. e3 Nf6 4. Be2 d5 5. h3 Bd6 6. Bxd6 Qxd6 7. c3 0-0 8. Nf3 Nbd7 9. 0-0 Ne4 10. Nbd2 f4 11. Nxe4 dxe4 12. Nd2 Nf6 13. Nc4 Qd5 14. exf4 Qf5 15. Qd2 Nd5 16. Bg4 Qxf4 17. Qxf4 Nxf4 18. Ne5 h5 19. Bd1 b6 20. Bb3 Kh7 21. Rae1 Bb7 22. Bc2 Nd3 23. Nxd3 exd3 24. Bxd3+ Kh8 25. Rxe6 Bd5 26. Re7 Rf7 27. Rxf7 Bxf7 28. Re1 Bxa2 29. Bg6 c5 30. Re8+ Rxe8 31. Bxe8 cxd4 32. cxd4 h4 33. Bh5 g5 34. Bf3 Kg7 35. d5 Kf6 36. Kf1 Ke5 37. Ke2 Bxd5 38. Bxd5 Kxd5 39. Kd3 a5 40. g3 hxg3 41. fxg3 b5 42. h4 gxh4 43. gxh4 Ke5 44. h5 Kf5 45. Kd4 Kg5 46. Kc5 Kxh5 47. Kxb5 Kg5 48. Kxa5 Kf5 49. b4 Ke6 50. Kb6 Kd7 51. Kb7 Kd8 52. b5 Kd7 53. b6 Kd8 54. Ka7 1-0

[Event "EU Union-ch 6th"]
[Site "Arvier"]
[Date "2010.09.09"]
[Round "6"]
[White "Lisandri, Luigi"]
[Black "Bonino, Silvano"]
[Result "0-1"]
[WhiteElo "1463"]
[BlackElo "1428"]
[PlyCount "106"]
[EventDate "2010.09.04"]
[EventType "swiss"]
[EventRounds "9"]
[EventCountry "ITA"]
[SourceTitle "CBM 138 Extra"]
[Source "ChessBase"]
[SourceDate "2010.10.29"]
[SourceVersion "1"]
[SourceVersionDate "2010.10.29"]
[SourceQuality "1"]

1. c4 c6 2. Nc3 Nf6 3. e4 e5 4. Nf3 d6 5. Be2 Be7 6. 0-0 0-0 7. d4 Nbd7 8. Qc2 exd4 9. Nxd4 Nc5 10. Bf3 Ncd7 11. Nf5 Ne5 12. Nxe7+ Qxe7 13. Be2 h6 14. Rd1 Be6 15. g3 Rfd8 16. Bf4 Ne8 17. Rd2 Rd7 18. Bxe5 dxe5 19. Rxd7 Bxd7 20. Rd1 Rd8 21. Rd2 Be6 22. b3 Rxd2 23. Qxd2 Qd6 24. Nb1 Qxd2 25. Nxd2 Nd6 26. g4 c5 27. Kg2 g5 28. Kg3 Kg7 29. h4 f6 30. Nf3 Nxe4+ 31. Kg2 Nc3 32. Ng1 Nxe2 33. Nxe2 Bxg4 34. f3 Be6 35. hxg5 hxg5 36. Kg3 f5 37. Nc3 b6 38. Nb5 a5 39. Nc3 Kf6 40. Nb5 e4 41. fxe4 fxe4 42. Nc3 Kf5 43. Ne2 Ke5 44. Kf2 Bg4 45. Nc3 Kd4 46. Nd5 Kd3 47. Kg3 Bf3 48. Kf2 Kd2 49. Ne3 g4 50. Nf5 Kc2 51. Ne3+ Kb2 52. Kg3 Kxa2 53. Kf4 Kxb3 0-1

[Event "EU Union-ch 6th"]
[Site "Arvier"]
[Date "2010.09.06"]
[Round "3"]
[White "Bonino, Silvano"]
[Black "Schmid, Pablo"]
[Result "0-1"]
[WhiteElo "1428"]
[BlackElo "2087"]
[PlyCount "64"]
[EventDate "2010.09.04"]
[EventType "swiss"]
[EventRounds "9"]
[EventCountry "ITA"]
[SourceTitle "CBM 138 Extra"]
[Source "ChessBase"]
[SourceDate "2010.10.29"]
[SourceVersion "1"]
[SourceVersionDate "2010.10.29"]
[SourceQuality "1"]

1. d4 Nf6 2. Bf4 d5 3. e3 c5 4. c3 Qb6 5. Qb3 c4 6. Qc2 g6 7. h3 Bf5 8. Qc1 h5 9. Nf3 Bg7 10. Nbd2 Nfd7 11. Be2 f6 12. Nh4 e5 13. Nxf5 gxf5 14. dxe5 fxe5 15. Bg5 h4 16. Rb1 Qg6 17. f4 e4 18. b4 b5 19. Ra1 Nb6 20. Bd1 N8d7 21. Rg1 Ne5 22. Bc2 Nf7 23. g3 Nxg5 24. gxh4 Nf3+ 25. Nxf3 Bxc3+ 26. Ke2 exf3+ 27. Kxf3 Qh5+ 28. Kf2 Qxh4+ 29. Ke2 Qxh3 30. Rg5 Qh2+ 31. Kf1 Qh1+ 32. Rg1 Qf3# 0-1

[Event "ITA-ch Seniors 32nd"]
[Site "Arvier"]
[Date "2010.04.27"]
[Round "9"]
[White "Battaglia, Emanuele"]
[Black "Bonino, Silvano"]
[Result "1-0"]
[WhiteElo "1675"]
[BlackElo "1428"]
[PlyCount "81"]
[EventDate "2010.04.18"]
[EventType "swiss"]
[EventRounds "9"]
[EventCountry "ITA"]
[SourceTitle "EXT 2024"]
[Source "ChessBase"]
[SourceDate "2023.10.10"]
[SourceVersion "1"]
[SourceVersionDate "2023.10.10"]
[SourceQuality "1"]

1. d4 d5 2. c4 c6 3. cxd5 cxd5 4. Nc3 Nf6 5. h3 Nc6 6. Bf4 e6 7. a3 Bd6 8. Bxd6 Qxd6 9. Nf3 a6 10. e3 0-0 11. Bd3 Re8 12. 0-0 h6 13. Qc2 b5 14. b4 Bb7 15. Rac1 Rac8 16. Qb1 e5 17. dxe5 Nxe5 18. Nxe5 Rxe5 19. Ne2 Ree8 20. Nd4 Ne4 21. Bxe4 dxe4 22. Rxc8 Rxc8 23. Rc1 Rxc1+ 24. Qxc1 g6 25. Qc3 Qd7 26. Qc5 Qc8 27. Qxc8+ Bxc8 28. Kf1 Kf8 29. Ke2 Ke7 30. Kd2 Bb7 31. Nb3 Bd5 32. Nc5 Bc4 33. Ke1 f5 34. Nxa6 Kd7 35. Nc5+ Kd6 36. g3 h5 37. h4 Ke7 38. Kd2 Kd6 39. Kc3 Ke5 40. a4 Bf1 41. a5 1-0

[Event "ITA-ch Seniors 32nd"]
[Site "Arvier"]
[Date "2010.04.22"]
[Round "5"]
[White "Bonino, Silvano"]
[Black "Lisandri, Luigi"]
[Result "1-0"]
[WhiteElo "1428"]
[BlackElo "1488"]
[PlyCount "51"]
[EventDate "2010.04.18"]
[EventType "swiss"]
[EventRounds "9"]
[EventCountry "ITA"]
[SourceTitle "EXT 2024"]
[Source "ChessBase"]
[SourceDate "2023.10.10"]
[SourceVersion "1"]
[SourceVersionDate "2023.10.10"]
[SourceQuality "1"]

1. d4 d6 2. Bf4 g6 3. e3 Bg7 4. Nf3 Nf6 5. h3 Nbd7 6. Be2 0-0 7. Nbd2 Nb6 8. c4 Bd7 9. 0-0 Re8 10. Bh2 Qc8 11. Kh1 Bf5 12. Rc1 Ne4 13. Nxe4 Bxe4 14. Bd3 Bxf3 15. Qxf3 Rb8 16. c5 Na8 17. b4 Qd7 18. a3 c6 19. a4 Rbd8 20. Rb1 Qc8 21. cxd6 exd6 22. Rfc1 d5 23. b5 Re6 24. Rc2 c5 25. Rxc5 Nc7 26. Rxc7 1-0

[Event "ITA-ch Seniors 32nd"]
[Site "Arvier"]
[Date "2010.04.19"]
[Round "2"]
[White "Maestri, Roberto"]
[Black "Bonino, Silvano"]
[Result "1-0"]
[WhiteElo "1630"]
[BlackElo "1428"]
[PlyCount "107"]
[EventDate "2010.04.18"]
[EventType "swiss"]
[EventRounds "9"]
[EventCountry "ITA"]
[SourceTitle "EXT 2024"]
[Source "ChessBase"]
[SourceDate "2023.10.10"]
[SourceVersion "1"]
[SourceVersionDate "2023.10.10"]
[SourceQuality "1"]

1. e4 c6 2. d4 e6 3. Nf3 d5 4. Nc3 dxe4 5. Nxe4 Nd7 6. Bd3 Ngf6 7. Bg5 Be7 8. 0-0 Nxe4 9. Bxe7 Qxe7 10. Bxe4 Nf6 11. Bd3 0-0 12. c3 c5 13. Qc2 cxd4 14. Nxd4 a6 15. Rfe1 Rd8 16. Re3 g6 17. Rae1 Qd6 18. h3 Nd5 19. Rg3 b5 20. h4 Nf4 21. Be4 Bb7 22. Bxb7 Rab8 23. Bf3 Rbc8 24. Ne2 e5 25. h5 Ne6 26. hxg6 fxg6 27. Be4 Nd4 28. Nxd4 Qxd4 29. Bxg6 Qd2 30. Bxh7+ Kh8 31. Rh3 Qxe1+ 32. Kh2 e4 33. Bf5+ Kg7 34. Bxc8 Rxc8 35. g3 Rf8 36. Kg2 e3 37. Qh7+ Kf6 38. Qh6+ Ke5 39. Qxe3+ Qxe3 40. fxe3 Ke4 41. g4 Rg8 42. Rg3 Rg5 43. b3 Kd3 44. Kf3 Kxc3 45. Kf4 Rg8 46. e4+ Kd4 47. g5 Rf8+ 48. Kg4 Kxe4 49. g6 Rg8 50. Kg5 Rg7 51. Kf6 Rc7 52. g7 Rc6+ 53. Ke7 Rc7+ 54. Kd6 1-0

[Event "ITA-ch Seniors 32nd"]
[Site "Arvier"]
[Date "2010.04.18"]
[Round "1"]
[White "Bonino, Silvano"]
[Black "Cavatorta, Fosco"]
[Result "0-1"]
[WhiteElo "1428"]
[BlackElo "1981"]
[PlyCount "84"]
[EventDate "2010.04.18"]
[EventType "swiss"]
[EventRounds "9"]
[EventCountry "ITA"]
[SourceTitle "EXT 2024"]
[Source "ChessBase"]
[SourceDate "2023.10.10"]
[SourceVersion "1"]
[SourceVersionDate "2023.10.10"]
[SourceQuality "1"]

1. d4 d6 2. Bf4 g6 3. Nf3 Bg7 4. e3 Nd7 5. Be2 e5 6. dxe5 dxe5 7. Nxe5 Bxe5 8. Bxe5 Nxe5 9. Qxd8+ Kxd8 10. Nc3 c6 11. 0-0-0+ Kc7 12. f4 Ng4 13. Bxg4 Bxg4 14. Rd4 Ne7 15. e4 Rad8 16. Rxd8 Rxd8 17. h3 Be6 18. Re1 h5 19. b3 Rd4 20. h4 Bg4 21. g3 b6 22. a4 Bf3 23. Re3 Bg4 24. Rd3 Rxd3 25. cxd3 f5 26. e5 a5 27. Kd2 Bf3 28. Ke3 Bd5 29. Nxd5+ Nxd5+ 30. Kd4 Kd7 31. Kc4 Ke6 32. d4 Ne3+ 33. Kc3 Nf1 34. b4 Nxg3 35. bxa5 bxa5 36. Kc4 Ne4 37. Kd3 Kd5 38. Ke3 Nc3 39. Kd2 Nxa4 40. Kc2 Nb6 41. Kb3 Ke6 42. Ka3 Nd5 0-1